Konzervatívnosť zachránila úspory Slovákov vo fondoch

Podielové fondy a investovanie do nich na Slovensku. Vývoj úrokov a podielu fondov na úsporách (r.1995-jún 2002). Rozloženie majetku v podielových fondoch. Porovnanie podielu investícií vo fondoch na úsporách v Česku, EÚ, USA a Slovensku.

Guardado en:
Detalles Bibliográficos
Autor principal: Onuferová, Marianna
Formato: Capítulo de libro
Lenguaje:eslovaco
Materias:
Etiquetas: Agregar Etiqueta
Sin Etiquetas, Sea el primero en etiquetar este registro!

MARC

LEADER 00000naa a2200000 4500
001 r046867
005 20230908084244.7
041 0 |a slo 
044 |a SK 
245 1 0 |a Konzervatívnosť zachránila úspory Slovákov vo fondoch  |c Marianna Onuferová 
520 |a Podielové fondy a investovanie do nich na Slovensku. Vývoj úrokov a podielu fondov na úsporách (r.1995-jún 2002). Rozloženie majetku v podielových fondoch. Porovnanie podielu investícií vo fondoch na úsporách v Česku, EÚ, USA a Slovensku. 
610 2 0 |a fondy podielové 
610 2 0 |a úrok 
610 2 0 |a sadzby úrokové 
610 2 0 |a investície finančné 
610 2 0 |a úspory obyvateľstva 
610 2 0 |a porovnanie medzinárodné 
610 2 0 |a Slovensko 
100 1 |a Onuferová, Marianna